ნორმალური ფორმატი
MARC ფორმატი
ჩანაწერი Corporate Name
ჩანაწერთა რაოდენობა, რომელიც გამოყენებულია: 1
001 - CONTROL NUMBER
- control field: 13191
003 - CONTROL NUMBER IDENTIFIER
- control field: GE_BSU
005 - DATE AND TIME OF LATEST TRANSACTION
- control field: 20211207133512.0
008 - FIXED-LENGTH DATA ELEMENTS
- fixed length control field: 211207|| aca||aabn | a|a d
040 ## - CATALOGING SOURCE
- Original cataloging agency: GE_BSU
- Transcribing agency: GE_BSU
110 ## - HEADING--CORPORATE NAME
- Corporate name or jurisdiction name as entry element: ბსუ. ჰუმანიტარულ მეცნიერებათა ფაკულტეტი.
- Subordinate unit: ისტორიის არქეოლოგიისა და ეთნოგრაფიის დეპარტამენტი.
670 ## - SOURCE DATA FOUND
- Source citation: Work cat.: (GE_BSU): ბურკაძე, ლანა 13190, რომაული სამხედრო დასახლებები კოლხეთში :
